Normal view
MARC view
- Mars, Hans van der.
Entry Personal Name
001 - CONTROL NUMBER
- control field: 59756
003 - CONTROL NUMBER IDENTIFIER
- control field: OSt
005 - DATE AND TIME OF LATEST TRANSACTION
- control field: 20240902094910.0
008 - FIXED-LENGTH DATA ELEMENTS
- fixed length control field: 240902|| aca||aabn | a|a d
040 ## - CATALOGING SOURCE
- Original cataloging agency: OSt
- Transcribing agency: OSt
100 ## - HEADING--PERSONAL NAME
- Personal name: Mars, Hans van der.
- Relator term: author.
670 ## - SOURCE DATA FOUND
- Source citation: Work cat.: (OSt): Youn, Ja. author. 59754, Comprehensive school physical activity programs preparation in physical education teacher education programs / , 2019.
